Datum a čas kvízu

16 Celkem bodů Celkový počet nahraných bodů na tomto kvízu bez doplňovacích otázek.
9. Pořadí na kvízu Konečné umístění týmu na tomto kvízu.

Zaznamenané odpovědi

# Otázka Odpověď Body Výsledky
1. Do Česka byl z německého Hanno... vombat 0
2. Ve které středoasijské zemi za... v Kazachstánu 1
3. Ukrajinskému ministru kultury... Emily in Paris 0
4. V uplynulém týdnu vůbec první... Apple 1
5. Hokejisty Pardubic po neshodác... Jakub Nakládal 1
6. V následujícím tématu si připo... Jiří Wolker 0
7. Herec Heath Ledger zemřel neče... Kletba bratří Grimmů, Legendy z Dogtownu 0
8. Anne Franková je navzdory svém... Bergen-Belsen 0
9. Nevynecháme ani známé hudebník... 2011 1
10. V poslední otázce se vrátíme n... 1B 2A 3C 4D 0